Desestabilización, democracia y cambio social /
Salvato in:
| Autore principale: | |
|---|---|
| Natura: | testo |
| Soggetti: | |
| Tags: |
Aggiungi Tag
Nessun Tag, puoi essere il primo ad aggiungerne!!
|
MARC
| LEADER | 00000 a a2200000 04500 | ||
|---|---|---|---|
| 001 | 48916 | ||
| 003 | |||
| 040 | |||
| 100 | |a Camacho Monge, Daniel | ||
| 245 | |a Desestabilización, democracia y cambio social / |c Daniel Camacho Monge | ||
| 650 | |a INTERVENCION EXTRANJERA | ||
| 650 | |2 Macrothesaurus de la OCDE/ | ||
| 650 | |a CRISIS POLITICA | ||
| 650 | |2 Macrothesaurus de la OCDE/ | ||
| 650 | |a IMPERIALISMO | ||
| 650 | |2 Macrothesaurus de la OCDE/ | ||
| 650 | |a DICTADURA | ||
| 650 | |2 Macrothesaurus de la OCDE | ||
| 773 | |g páginas 57-66 | ||
| 999 | |c 39415 |d 39415 | ||
